[Event "Politiken Cup 2007"]
[Site "Helsingor"]
[Date "2007.07.26"]
[Round "8.112"]
[White "Madsen, Tobias Juul"]
[Black "Sigurdsson, Pall"]
[Result "0-1"]
[WhiteElo "1651"]
[BlackElo "1893"]
[PlyCount "46"]
[EventDate "2007.??.??"]

1. e4 e5 2. Nf3 Nc6 3. d4 exd4 4. Bc4 Be7 5. O-O d6 6. c3 dxc3 7. Nxc3 Nf6 8.
Bf4 O-O 9. Nd4 Nxd4 10. Qxd4 a6 11. Rad1 b5 12. Bb3 c5 13. Qe3 Qb6 14. Rfe1 Bb7
15. Bc2 Rfe8 16. Qh3 g6 17. Re3 Nh5 18. Qf3 Bf8 19. Nd5 Bxd5 20. Rxd5 Nxf4 21.
Qxf4 Re6 22. Rf3 Qb7 23. Rh3 Qxd5 0-1

[Event "Politiken Cup 2007"]
[Site "Helsingor"]
[Date "2007.07.26"]
[Round "8.113"]
[White "Oskarsson, Aron Ingi"]
[Black "Christensen, Simon Ellegaard"]
[Result "1-0"]
[WhiteElo "1871"]
[BlackElo "1508"]
[PlyCount "87"]
[EventDate "2007.??.??"]

1. e4 e6 2. c4 c5 3. Nc3 Nc6 4. g3 b6 5. Bg2 Rb8 6. f4 a6 7. Nf3 Bb7 8. O-O Qc7
9. d3 d6 10. Be3 Nf6 11. Kh1 Be7 12. Rc1 O-O 13. Qe2 Rfe8 14. b3 Bf8 15. d4 Ng4
16. Bg1 f5 17. dxc5 bxc5 18. exf5 exf5 19. Qd3 Qd7 20. Bxc5 Qe6 21. Ng5 Nb4 22.
Bxb4 Bxg2+ 23. Kxg2 Ne3+ 24. Kg1 Qg6 25. Rfe1 Rxb4 26. Rxe3 Rxe3 27. Qxe3 h6
28. Qe6+ Qxe6 29. Nxe6 Rb8 30. Nxf8 Kxf8 31. Rd1 Rd8 32. c5 Ke7 33. cxd6+ Rxd6
34. Rxd6 Kxd6 35. Kf2 Kc5 36. Ke2 Kb4 37. Kd2 h5 38. Nd5+ Ka3 39. Kc3 a5 40.
Ne7 a4 41. Nxf5 g6 42. Ne7 axb3 43. axb3 Ka2 44. b4 1-0

[Event "Politiken Cup 2007"]
[Site "Helsingor"]
[Date "2007.07.26"]
[Round "8.114"]
[White "Baldursson, Gestur"]
[Black "Jensen, Mads"]
[Result "0-1"]
[WhiteElo "1625"]
[BlackElo "1851"]
[PlyCount "54"]
[EventDate "2007.??.??"]

1. e4 e6 2. d4 d5 3. Nc3 Nf6 4. e5 Nfd7 5. Nce2 c5 6. c3 Nc6 7. Nf3 f6 8. Bf4
cxd4 9. cxd4 Bb4+ 10. Nc3 fxe5 11. Nxe5 Ndxe5 12. Bxe5 Nxe5 13. dxe5 Bxc3+ 14.
bxc3 Qc7 15. Qd4 O-O 16. Bd3 b6 17. O-O Qc5 18. Rab1 Qe7 19. Rfe1 Qg5 20. Re3
Rf4 21. Bxh7+ Kxh7 22. Rh3+ Kg8 23. Qe3 Rg4 24. f4 Qxf4 25. Qd3 Qe4 26. Qf1 Ba6
27. Qf2 Qxb1+ 0-1

[Event "Politiken Cup 2007"]
[Site "Helsingor"]
[Date "2007.07.26"]
[Round "8.115"]
[White "Brorsen, Jacob Abildlund"]
[Black "Lindgaard, Tobias S"]
[Result "1-0"]
[WhiteElo "1818"]
[BlackElo "1244"]
[PlyCount "41"]
[EventDate "2007.??.??"]

1. d4 f5 2. g3 e6 3. Bg2 Nf6 4. c4 d5 5. Nf3 Be7 6. O-O Nbd7 7. Nc3 c6 8. Qc2
b6 9. Bf4 Bb7 10. cxd5 cxd5 11. Nb5 O-O 12. Ng5 Qe8 13. Nxe6 Qh5 14. Nxf8 Rxf8
15. Bd6 Bxd6 16. Nxd6 Ba6 17. Rfe1 Ne4 18. Nxe4 fxe4 19. f3 Nf6 20. b4 exf3 21.
exf3 1-0

[Event "Politiken Cup 2007"]
[Site "Helsingor"]
[Date "2007.07.26"]
[Round "8.116"]
[White "Hirneise, Lothar"]
[Black "Hedler, Robert"]
[Result "0-1"]
[WhiteElo "1450"]
[BlackElo "1800"]
[PlyCount "80"]
[EventDate "2007.??.??"]

1. g3 d5 2. d4 Nf6 3. c4 dxc4 4. Bg2 c6 5. Qc2 Qxd4 6. e3 Qc5 7. Ne2 Na6 8. O-O
Bf5 9. Qc3 Rc8 10. Nd4 Bd3 11. Rd1 e5 12. Nf3 Bd6 13. a3 Ne4 14. Qe1 Bc2 15.
Nfd2 Nf6 16. Nc3 Bc7 17. Nde4 Qe7 18. Rd2 Bb3 19. Re2 O-O 20. Bd2 Nd7 21. Nb1
Nac5 22. Bb4 f5 23. Nxc5 Nxc5 24. Nd2 Bd6 25. Nxb3 Nxb3 26. Bxd6 Qxd6 27. Rd1
Qc7 28. Qb4 b5 29. Qc3 Rcd8 30. Rde1 Rd3 31. Qc2 Rfd8 32. Rb1 h6 33. h3 g5 34.
Bf3 e4 35. Bg2 h5 36. Ree1 g4 37. Bf1 R3d6 38. Bxc4+ bxc4 39. Qxc4+ Qf7 40. Qc3
Nd2 0-1

[Event "Politiken Cup 2007"]
[Site "Helsingor"]
[Date "2007.07.26"]
[Round "8.117"]
[White "Olafsson, Olafur Senior"]
[Black "Szalai, Janos"]
[Result "0-1"]
[WhiteElo "1500"]
[BlackElo "1784"]
[PlyCount "42"]
[EventDate "2007.??.??"]

1. d4 d5 2. e3 Nf6 3. c4 c6 4. Bd3 dxc4 5. Bxc4 b5 6. Bd3 Bb7 7. Ne2 Nbd7 8. b4
e5 9. a3 a5 10. Bb2 exd4 11. bxa5 Qxa5+ 12. Nd2 dxe3 13. fxe3 Bc5 14. Nd4 Bxd4
15. Bxd4 c5 16. Bxf6 Nxf6 17. O-O Qd8 18. Qb3 O-O 19. Nc4 bxc4 20. Bxc4 Qd2 21.
Qb5 Qxg2# 0-1

[Event "Politiken Cup 2007"]
[Site "Helsingor"]
[Date "2007.07.26"]
[Round "8.118"]
[White "Jensen, Soren Holm"]
[Black "Clausen, Jørgen"]
[Result "1-0"]
[WhiteElo "2004"]
[BlackElo "1543"]
[PlyCount "45"]
[EventDate "2007.??.??"]

1. e4 e5 2. Nf3 Nc6 3. Bb5 Nd4 4. Nxd4 exd4 5. O-O b6 6. d3 Bd6 7. c3 dxc3 8.
Nxc3 Bb7 9. Qe2 c6 10. Bc4 Ne7 11. Be3 Ng6 12. f4 O-O 13. d4 Bc7 14. f5 d5 15.
fxg6 dxc4 16. gxf7+ Rxf7 17. Rxf7 Kxf7 18. Qxc4+ Ke8 19. Rf1 Qe7 20. Qg8+ Kd7
21. Qxh7 Re8 22. Qf5+ Kd8 23. Bg5 1-0

[Event "Politiken Cup 2007"]
[Site "Helsingor"]
[Date "2007.07.26"]
[Round "8.119"]
[White "Mæchel, Michael"]
[Black "Erikstad, Olav"]
[Result "1-0"]
[WhiteElo "1605"]
[BlackElo "1936"]
[PlyCount "115"]
[EventDate "2007.??.??"]

1. e4 c6 2. d4 d5 3. Nc3 dxe4 4. Nxe4 Nd7 5. Nf3 Ndf6 6. Nxf6+ Nxf6 7. Bc4 Bg4
8. Bxf7+ Kxf7 9. Ne5+ Kg8 10. Nxg4 Qd5 11. Nxf6+ exf6 12. O-O h5 13. Qd3 h4 14.
h3 Rd8 15. Be3 c5 16. c4 Qd7 17. d5 Bd6 18. b3 Re8 19. Rae1 Rh5 20. Qg6 Rhe5
21. Bd2 Re2 22. Rxe2 Rxe2 23. Bc3 Qe7 24. a3 Bc7 25. Qg4 Qd6 26. f4 Re3 27. Bd2
Rxb3 28. Rd1 Qf8 29. Qh5 Be5 30. fxe5 fxe5 31. Rf1 Qe7 32. Bg5 Qc7 33. Qxh4
Rxa3 34. Be7 Qc8 35. Rf8+ Qxf8 36. Bxf8 Kxf8 37. Qd8+ Kf7 38. Qc7+ Kf6 39. Qxc5
Rd3 40. Qf8+ Kg5 41. Qxg7+ Kf4 42. Qg4+ Ke3 43. Qf3+ Kd2 44. Qxd3+ Kxd3 45. d6
e4 46. d7 e3 47. d8=Q+ Kxc4 48. Qd1 b5 49. Qe2+ Kc3 50. Qxe3+ Kb4 51. Qxa7 Kb3
52. h4 b4 53. h5 Kc2 54. h6 b3 55. h7 b2 56. Qa2 Kc1 57. h8=Q b1=Q 58. Qh6+ 1-0

[Event "Politiken Cup 2007"]
[Site "Helsingor"]
[Date "2007.07.26"]
[Round "8.120"]
[White "Lynge, Torben"]
[Black "Hinman, Chris"]
[Result "1-0"]
[WhiteElo "1920"]
[BlackElo "1478"]
[PlyCount "115"]
[EventDate "2007.??.??"]

1. e4 c5 2. Bc4 e6 3. Nf3 d5 4. exd5 exd5 5. Be2 Nf6 6. O-O Bd6 7. Re1 O-O 8.
d4 c4 9. Nc3 a6 10. Bg5 Be6 11. Ne5 h6 12. Bh4 g5 13. Bg3 Ne4 14. Nxe4 dxe4 15.
d5 Bxe5 16. dxe6 Bxg3 17. exf7+ Kxf7 18. Bxc4+ Kf6 19. hxg3 Nc6 20. Rxe4 Ne5
21. Bb3 Qxd1+ 22. Rxd1 Rad8 23. Rde1 Nc6 24. Re6+ Kg7 25. Ba4 Rd2 26. f3 Rf6
27. R6e2 Rxe2 28. Rxe2 b5 29. Bb3 Nd4 30. Rd2 Nxb3 31. axb3 Rc6 32. Kf2 Kf6 33.
g4 Ke5 34. c3 a5 35. Ke3 a4 36. b4 a3 37. bxa3 Rxc3+ 38. Rd3 Rc4 39. g3 Rc6 40.
Kd2 Rc4 41. Rc3 Rd4+ 42. Kc2 Rd6 43. Rc5+ Kd4 44. Rxb5 Rf6 45. Rf5 Rc6+ 46. Rc5
Rf6 47. Rc3 Re6 48. Kd2 Rb6 49. Re3 Kc4 50. Ke2 Kb5 51. f4 Ka4 52. f5 Rc6 53.
Kf3 Rc4 54. f6 Rc6 55. Ke4 Rxf6 56. Ke5 Rc6 57. Kf5 Rc5+ 58. bxc5 1-0

[Event "Politiken Cup 2007"]
[Site "Helsingor"]
[Date "2007.07.26"]
[Round "8.121"]
[White "Gade, Jens"]
[Black "Hansen, Henrik Damgaard"]
[Result "1-0"]
[WhiteElo "1462"]
[BlackElo "1904"]
[PlyCount "65"]
[EventDate "2007.??.??"]

1. d4 Nf6 2. c4 c5 3. e3 e6 4. Nf3 cxd4 5. exd4 Be7 6. Nc3 O-O 7. Bd3 d6 8. O-O
Nc6 9. a3 a6 10. b4 Bd7 11. Re1 Re8 12. Qc2 g6 13. Bb2 d5 14. c5 Kg7 15. Na4
Ng8 16. Nb6 Ra7 17. h4 Bc8 18. g3 Bf6 19. Ne5 Nge7 20. Qd2 Bxe5 21. dxe5 Nb8
22. Bc1 Ng8 23. Qf4 Nd7 24. Qd4 Nxb6 25. cxb6 Ra8 26. Bg5 f6 27. exf6+ Kf7 28.
Rac1 Bd7 29. Rc7 Rb8 30. Kg2 Rf8 31. h5 Re8 32. hxg6+ hxg6 33. Rh1 1-0

[Event "Politiken Cup 2007"]
[Site "Helsingor"]
[Date "2007.07.26"]
[Round "8.122"]
[White "Schmidt, Horst Hubert"]
[Black "Larsen, Bjarke"]
[Result "1-0"]
[WhiteElo "1896"]
[BlackElo "1395"]
[PlyCount "27"]
[EventDate "2007.??.??"]

1. e4 e5 2. d4 exd4 3. Qxd4 d6 4. Nc3 Nc6 5. Qe3 Be7 6. Qg3 Bf6 7. Bd2 Nge7 8.
O-O-O Ng6 9. f4 O-O 10. f5 Nge5 11. Nf3 Qe7 12. Nd5 Qd8 13. Nxf6+ Qxf6 14. Bg5
1-0

[Event "Politiken Cup 2007"]
[Site "Helsingor"]
[Date "2007.07.26"]
[Round "8.123"]
[White "Nielsen, Poul Bang"]
[Black "Larsen, Finn"]
[Result "0-1"]
[WhiteElo "1506"]
[BlackElo "1840"]
[PlyCount "92"]
[EventDate "2007.??.??"]

1. d3 e5 2. f4 Nc6 3. e3 d5 4. g3 Nf6 5. a3 Bd6 6. Bg2 O-O 7. Ne2 Bg4 8. h3
Bxe2 9. Qxe2 exf4 10. gxf4 Re8 11. Qf3 Nd4 12. Qf2 c6 13. O-O Nf5 14. c3 Re6
15. c4 dxc4 16. e4 b6 17. exf5 Bc5 18. Qxc5 bxc5 19. fxe6 fxe6 20. dxc4 Qd4+
21. Kh1 Nh5 22. Kh2 Qxc4 23. Nc3 Rd8 24. Be3 Rd3 25. Rae1 Nf6 26. Rf3 Qb3 27.
Rf2 Nd5 28. Bxc5 Nxc3 29. bxc3 Qxc3 30. Bb4 Qf6 31. Re5 Qh4 32. Rf1 Qg3+ 33.
Kh1 Qg6 34. Rg5 Qh6 35. Kh2 Qf6 36. Rg4 Qf5 37. Re1 h5 38. Be4 Rxh3+ 39. Kxh3
Qxg4+ 40. Kh2 Qxf4+ 41. Kh1 c5 42. Ba5 g5 43. Bg2 Qg4 44. Re4 Qf5 45. Bc7 h4
46. Bd6 h3 0-1

[Event "Politiken Cup 2007"]
[Site "Helsingor"]
[Date "2007.07.26"]
[Round "8.124"]
[White "Thorsteinsdottir, Hallgerdur"]
[Black "Brandt, Eivind"]
[Result "1/2-1/2"]
[WhiteElo "1808"]
[BlackElo "1030"]
[PlyCount "139"]
[EventDate "2007.??.??"]

1. e4 c5 2. Nf3 g6 3. d4 cxd4 4. Nxd4 Nc6 5. Nc3 Bg7 6. Be3 Nf6 7. f3 O-O 8.
Qd2 d5 9. exd5 Nxd5 10. Nxc6 bxc6 11. Nxd5 cxd5 12. O-O-O Rb8 13. c3 Qc7 14. h4
h5 15. Be2 Bd7 16. Bh6 Qa5 17. Bxg7 Qxa2 18. b4 Qa1+ 19. Kc2 Ba4+ 20. Kd3 Bxd1
21. Qh6 Qa6+ 22. Kd4 Qb6+ 23. Kd3 Bxe2+ 24. Kxe2 f5 25. Bxf8 Rxf8 26. Ra1 Rf6
27. Ra5 Qg1 28. Rxd5 Qxg2+ 29. Ke3 Re6+ 30. Kd4 Rd6 31. Rxd6 exd6 32. Qf4 Qe2
33. Qxd6 Qd2+ 34. Ke5 Qxc3+ 35. Kf4 Qc1+ 36. Ke5 Qc3+ 37. Kf4 Qg7 38. b5 Qf7
39. Qc5 Qb7 40. Qc6 Qe7 41. Qd5+ Kf8 42. Kg3 Kg7 43. Qd4+ Kf7 44. Qd5+ Kf6 45.
Kh3 Kg7 46. Qd4+ Kh7 47. Qd5 Qc7 48. Qc6 Qe7 49. Qd5 f4 50. Qc4 g5 51. Qc2+ Kg7
52. Qc3+ Kf7 53. Qd3 g4+ 54. Kg2 Qxh4 55. Qf5+ Ke8 56. Qxf4 gxf3+ 57. Qxf3 Qg5+
58. Kh3 Qc5 59. Kh4 Kd8 60. Qxh5 Qxh5+ 61. Kxh5 Kc7 62. Kg4 Kb6 63. Kf3 Kxb5
64. Ke2 Kb4 65. Kd1 Kb3 66. Kc1 Ka2 67. Kc2 a5 68. Kc1 Ka1 69. Kc2 a4 70. Kc1
1/2-1/2

[Event "Politiken Cup 2007"]
[Site "Helsingor"]
[Date "2007.07.26"]
[Round "8.125"]
[White "Ryberg, Denis"]
[Black "Joensen, Jogvan"]
[Result "0-1"]
[WhiteElo "1410"]
[BlackElo "1752"]
[PlyCount "140"]
[EventDate "2007.??.??"]

1. e4 d5 2. exd5 Qxd5 3. Nc3 Qd6 4. Nf3 Nf6 5. d4 a6 6. Be3 e6 7. Ne5 Be7 8.
Bd3 O-O 9. Qf3 c5 10. Ne4 Qc7 11. Qh3 g6 12. Nxf6+ Bxf6 13. Ng4 Bg7 14. Bh6 f5
15. Ne3 cxd4 16. Bxg7 Kxg7 17. Nc4 b5 18. Nd2 Bb7 19. Nf3 h6 20. Nxd4 Qe5+ 21.
Ne2 Qxb2 22. O-O Qf6 23. Nf4 e5 24. Ne2 e4 25. Bxe4 Bxe4 26. Rfe1 Nd7 27. Rad1
Nb6 28. Nf4 Rae8 29. Qg3 Kh7 30. f3 Bb7 31. Rxe8 Rxe8 32. Nxg6 Rg8 33. Rd6 Qa1+
34. Kf2 Qg7 35. Qf4 Bc8 36. Rxb6 Qf7 37. Ne5 Qg7 38. Rg6 Qa7+ 39. Kf1 Rxg6 40.
Nxg6 Kxg6 41. Qd6+ Kh7 42. g4 Qf7 43. gxf5 Qxf5 44. Qe7+ Kg6 45. Qe8+ Kg5 46.
Qe7+ Kf4 47. Qh4+ Kxf3 48. Qg3+ Ke4+ 49. Ke1 Kd4 50. Qd6+ Qd5 51. Qb6+ Qc5 52.
Qxh6 Qc3+ 53. Kf1 Qf3+ 54. Kg1 Qe3+ 55. Qxe3+ Kxe3 56. Kg2 Kd2 57. h4 Bf5 58.
h5 Kxc2 59. h6 Kb2 60. Kf2 Kxa2 61. Ke2 b4 62. Kd2 b3 63. h7 Bxh7 64. Kc3 b2
65. Kb4 b1=Q+ 66. Kc5 Qe4 67. Kb6 Qd5 68. Ka7 Qb5 69. Ka8 Be4+ 70. Ka7 Qb7# 0-1

[Event "Politiken Cup 2007"]
[Site "Helsingor"]
[Date "2007.07.26"]
[Round "8.126"]
[White "Nielsen, Bjørn"]
[Black "Jorgensen, Orla Eilegaard"]
[Result "0-1"]
[WhiteElo "1110"]
[BlackElo "1731"]
[PlyCount "148"]
[EventDate "2007.??.??"]

1. e4 c5 2. Nf3 d6 3. Be2 Nc6 4. Nc3 Nf6 5. O-O g6 6. d3 Bg7 7. Be3 O-O 8. Qd2
Re8 9. Rad1 Qb6 10. b3 a6 11. Nd5 Nxd5 12. exd5 Ne5 13. Ne1 Qc7 14. c3 b5 15.
d4 cxd4 16. cxd4 Ng4 17. Bxg4 Bxg4 18. Rc1 Qb7 19. Kh1 Qxd5 20. Rg1 Rac8 21.
Rxc8 Rxc8 22. Nd3 h5 23. Nf4 Qb7 24. d5 Bc3 25. Qc1 g5 26. Nd3 Qxd5 27. Qf1 h4
28. f3 Bh5 29. h3 Kh7 30. Nf2 Bxf3 31. Bxg5 Qxg5 32. gxf3 Qf5 33. Qb1 Qxb1 34.
Rxb1 Rg8 35. Ng4 f5 36. Ne3 e6 37. Ng2 Rg3 38. Rd1 Rxh3+ 39. Kg1 d5 40. Nf4
Rxf3 41. Nxe6 Re3 42. Nc7 Re1+ 43. Rxe1 Bxe1 44. Nxa6 d4 45. Nc5 Kg6 46. Nd3
Bc3 47. Kg2 Kg5 48. Kf3 Bd2 49. Nc5 Kf6 50. Nd3 Ba5 51. Nf4 Kf7 52. Ke2 Bc7 53.
Nh3 Ke6 54. Kf3 Kd5 55. Nf2 Bg3 56. Nd3 f4 57. Nb4+ Kd6 58. Nd3 h3 59. a3 h2
60. Kg2 f3+ 61. Kh1 f2 62. Nxf2 Bxf2 63. Kxh2 d3 64. Kg2 Bc5 65. Kf1 Bxa3 66.
Ke1 Kd5 67. Kd2 Kd4 68. Kd1 Kc3 69. b4 Bxb4 70. Kc1 Bc5 71. Kd1 b4 72. Kc1 b3
73. Kb1 d2 74. Ka1 d1=R# 0-1

[Event "Politiken Cup 2007"]
[Site "Helsingor"]
[Date "2007.07.26"]
[Round "8.127"]
[White "Agdestein, Einar Døving"]
[Black "Clausen, HansJørgen"]
[Result "0-1"]
[WhiteElo "1314"]
[BlackElo "1667"]
[PlyCount "70"]
[EventDate "2007.??.??"]

1. e4 b6 2. Nc3 Bb7 3. Bc4 e6 4. a3 Nf6 5. d3 d6 6. Bg5 Be7 7. Nf3 Nbd7 8. O-O
a6 9. Qe2 b5 10. Ba2 O-O 11. h3 Nh5 12. Bxe7 Qxe7 13. Nd4 Nf4 14. Qg4 Qf6 15.
Nf3 g6 16. Qg5 Nxh3+ 17. gxh3 Qxf3 18. Qg3 Qf6 19. Ne2 Qxb2 20. Nf4 Qe5 21. h4
Nf6 22. Kg2 c5 23. f3 d5 24. Rh1 dxe4 25. fxe4 Nxe4 26. dxe4 Bxe4+ 27. Kh2 Bxh1
28. Rxh1 Rad8 29. Re1 Rd2+ 30. Kh1 Qd6 31. Qg5 c4 32. Qh6 Qc6+ 33. Kg1 Qc5+ 34.
Kh1 Qf2 35. Nh5 Qxe1# 0-1

[Event "Politiken Cup 2007"]
[Site "Helsingor"]
[Date "2007.07.26"]
[Round "8.128"]
[White "Christiansen, Torsten Sundgaard"]
[Black "Johansen, Stian"]
[Result "0-1"]
[WhiteElo "1658"]
[BlackElo "1000"]
[PlyCount "130"]
[EventDate "2007.??.??"]

1. d4 d5 2. e3 Nf6 3. Bd3 g6 4. f4 Bg7 5. Nf3 Nc6 6. c3 Bg4 7. Nbd2 Qd7 8. a4
a5 9. h3 Bxf3 10. Nxf3 h6 11. Qb3 Rb8 12. Bb5 O-O 13. O-O Qe6 14. Bd3 Ne4 15.
Qd1 Rfd8 16. Qe1 Na7 17. Qh4 Nc8 18. g4 Ncd6 19. Nd2 Nxc3 20. Nb3 Nce4 21. Nc5
Nxc5 22. dxc5 Ne4 23. f5 gxf5 24. Rxf5 Ng5 25. Bd2 Qxf5 26. gxf5 Nf3+ 27. Kg2
Nxh4+ 28. Kg3 Bf6 29. Bxa5 b6 30. cxb6 cxb6 31. Be1 Kh7 32. Kf4 Ng2+ 33. Kf3
Nxe1+ 34. Rxe1 Rbc8 35. h4 Rg8 36. Re2 Rg7 37. e4 dxe4+ 38. Rxe4 Kg8 39. Rb4
Rc6 40. Be4 Rd6 41. Bc2 Rg1 42. b3 Rc1 43. Be4 Rc3+ 44. Kf4 Bd4 45. Bb1 Be3+
46. Ke4 Rd4+ 47. Rxd4 Bxd4 48. Kxd4 Rxb3 49. Bc2 Rb4+ 50. Kd5 Rxh4 51. Ke5 Kg7
52. Bb3 Rh2 53. Bd5 h5 54. Bc6 h4 55. Kf4 Kf6 56. Bd7 Rf2+ 57. Kg4 h3 58. Kxh3
Rxf5 59. Bxf5 Kxf5 60. Kg3 Ke4 61. Kf2 f5 62. Ke2 f4 63. Kf2 f3 64. Ke1 Ke3 65.
Kf1 f2 0-1

[Event "Politiken Cup 2007"]
[Site "Helsingor"]
[Date "2007.07.26"]
[Round "8.129"]
[White "Christensen, Christoffer E"]
[Black "Edakina, Maria"]
[Result "1/2-1/2"]
[WhiteElo "1581"]
[BlackElo "1281"]
[PlyCount "64"]
[EventDate "2007.??.??"]

1. d4 d5 2. Nf3 Bf5 3. Bf4 c6 4. e3 e6 5. c3 Bd6 6. Bg3 Ne7 7. Bd3 Bxd3 8. Qxd3
Nf5 9. Nbd2 Nxg3 10. hxg3 h6 11. g4 Be7 12. Ne5 Nd7 13. Ndf3 Bf6 14. Nxd7 Qxd7
15. g5 Be7 16. gxh6 gxh6 17. O-O-O Bf6 18. Rh5 O-O-O 19. Rdh1 Bg7 20. Ne5 Qe7
21. Qe2 Qe8 22. f4 f6 23. Nf3 Qg6 24. Nh4 Qf7 25. Qg4 Rhg8 26. Qe2 Bf8 27. Nf3
Rg3 28. R5h3 Qg6 29. Rxg3 Qxg3 30. Rh3 Qg6 31. Qc2 Qxc2+ 32. Kxc2 Rd7 1/2-1/2

[Event "Politiken Cup 2007"]
[Site "Helsingor"]
[Date "2007.07.26"]
[Round "8.130"]
[White "Jensen, Hans Askov"]
[Black "Lie, Terje"]
[Result "0-1"]
[WhiteElo "1319"]
[BlackElo "1772"]
[PlyCount "82"]
[EventDate "2007.??.??"]

1. e4 c5 2. Nc3 d6 3. Bb5+ Bd7 4. Bxd7+ Qxd7 5. f4 Nf6 6. d3 Nc6 7. Nf3 g6 8.
O-O Bg7 9. Nh4 Nd4 10. Ne2 Qg4 11. Nxd4 Qxh4 12. Nf3 Qg4 13. Rb1 O-O 14. Qe1
Qc8 15. Nh4 b5 16. c3 a5 17. Bd2 Qe6 18. b3 b4 19. c4 Nh5 20. Nf3 Qd7 21. Kh1
a4 22. Be3 axb3 23. axb3 Ra2 24. Rf2 Rfa8 25. Rd2 Bc3 26. Rxa2 Rxa2 27. Qd1 Qg4
28. Nd2 Qxd1+ 29. Rxd1 Nf6 30. h3 Nh5 31. Kh2 Ng7 32. f5 Bd4 33. Bxd4 cxd4 34.
Nf3 Rb2 35. fxg6 hxg6 36. e5 Rxb3 37. exd6 exd6 38. Ng5 Ra3 39. Rf1 Ra7 40. Ne4
b3 41. Nxd6 b2 0-1

[Event "Politiken Cup 2007"]
[Site "Helsingor"]
[Date "2007.07.26"]
[Round "8.131"]
[White "Larsen, Bror Johannes"]
[Black "Hrafnkelsson, Gisli"]
[Result "1/2-1/2"]
[WhiteElo "1048"]
[BlackElo "1505"]
[PlyCount "80"]
[EventDate "2007.??.??"]

1. e4 e5 2. Nf3 Nc6 3. d4 exd4 4. Nxd4 Bc5 5. Nxc6 Qf6 6. Qe2 Qxc6 7. Nc3 d6 8.
g3 Nf6 9. Bg2 Be6 10. O-O Bc4 11. e5 Qa6 12. Qe1 dxe5 13. Qxe5+ Be7 14. Re1 Qe6
15. Qxe6 Bxe6 16. Bxb7 Rb8 17. Bc6+ Bd7 18. Bxd7+ Kxd7 19. b3 Bb4 20. Bb2 Kc6
21. Rad1 Nd5 22. Rd3 Rbd8 23. Red1 Bxc3 24. Bxc3 f6 25. Bb2 Rd7 26. c4 Nb6 27.
Rxd7 Nxd7 28. b4 Nb6 29. c5 Nc4 30. Bc3 Re8 31. Kf1 Re7 32. Re1 Rxe1+ 33. Kxe1
Kd5 34. Ke2 Na3 35. Kd3 c6 36. f4 a6 37. Bb2 Nb5 38. a4 Nc7 39. Bd4 Ne6 40. Bg1
f5 1/2-1/2

[Event "Politiken Cup 2007"]
[Site "Helsingor"]
[Date "2007.07.26"]
[Round "8.133"]
[White "Hlynsson, Hugi"]
[Black "Zmylon, Frederik Nielsen"]
[Result "1-0"]
[WhiteElo "1560"]
[BlackElo "1174"]
[PlyCount "99"]
[EventDate "2007.??.??"]

1. f4 d5 2. Nf3 Nf6 3. e3 e6 4. d4 Bd6 5. Bd3 Nc6 6. c3 O-O 7. O-O Bd7 8. Qe1
Qe7 9. Nbd2 a6 10. Qh4 b5 11. Ne5 Bxe5 12. fxe5 Ne4 13. Qxe7 Nxe7 14. Nxe4 dxe4
15. Bxe4 c6 16. Bd2 Nd5 17. Rf3 Rab8 18. Rh3 h6 19. Rf1 f6 20. exf6 Nxf6 21.
Bd3 e5 22. Rg3 exd4 23. exd4 Kh8 24. Bf4 Rbe8 25. Bd6 Rg8 26. Be5 Rgf8 27. Rg6
Nh5 28. Rxf8+ Rxf8 29. g4 Nf6 30. Bxf6 Rxf6 31. Rxf6 gxf6 32. h3 Kg7 33. Kf2
Kf8 34. Ke3 Ke7 35. b4 Kf7 36. Bc2 Ke7 37. Ke4 Ke6 38. Bb3+ Kd6 39. c4 Ke7 40.
c5 Kd8 41. d5 cxd5+ 42. Bxd5 Kc7 43. a3 Bc8 44. Kd4 Kd8 45. c6 Kc7 46. Kc5 Kd8
47. Kd6 Ke8 48. c7 Kf8 49. Be6 Bb7 50. c8=Q+ 1-0

[Event "Politiken Cup 2007"]
[Site "Helsingor"]
[Date "2007.07.26"]
[Round "8.134"]
[White "Kristensen, Steffen Michael"]
[Black "Gasenova, Ulker"]
[Result "1/2-1/2"]
[WhiteElo "1250"]
[BlackElo "1400"]
[PlyCount "58"]
[EventDate "2007.??.??"]

1. e4 c5 2. Nf3 d6 3. Bc4 Nf6 4. Nc3 e6 5. O-O a6 6. a4 Nc6 7. d4 Be7 8. dxc5
dxc5 9. Qxd8+ Bxd8 10. Bg5 O-O 11. Rfd1 b6 12. h3 h6 13. Bf4 Bb7 14. e5 Bc7 15.
Bh2 Nh7 16. Rd7 Rac8 17. Rad1 Nb8 18. R7d3 Nc6 19. Rd7 Nb4 20. Ne1 Bc6 21. R1d2
Rfd8 22. Rxd8+ Rxd8 23. Rxd8+ Bxd8 24. b3 Bg5 25. f4 Bh4 26. g3 Be7 27. Bd3 f6
28. Be4 Bxe4 29. Nxe4 Kf7 1/2-1/2

[Event "Politiken Cup 2007"]
[Site "Helsingor"]
[Date "2007.07.26"]
[Round "8.135"]
[White "Larsen, Alex"]
[Black "Percivaldi, Martin"]
[Result "1-0"]
[WhiteElo "1336"]
[BlackElo "1000"]
[PlyCount "209"]
[EventDate "2007.??.??"]

1. d4 d5 2. Nf3 g6 3. c4 c6 4. Nc3 Bg7 5. Qb3 b6 6. cxd5 cxd5 7. Qxd5 Qxd5 8.
Nxd5 Na6 9. e3 Nf6 10. Bb5+ Kf8 11. Nxf6 Bxf6 12. O-O Nc7 13. Bc6 Rb8 14. Bd2
Kg7 15. Bc3 Rd8 16. h3 Bd7 17. Bxd7 Rxd7 18. e4 e6 19. a4 b5 20. b4 bxa4 21.
Rxa4 Nb5 22. Ba1 Bxd4 23. Nxd4 Nxd4 24. Rd1 e5 25. Kf1 Rbd8 26. f4 exf4 27. b5
Kh6 28. Rdxd4 Rxd4 29. Rxd4 Rb8 30. Rd5 Rc8 31. Rd1 Rc5 32. Rb1 Rc4 33. e5 Kg5
34. Kf2 Rc2+ 35. Kf3 Ra2 36. Bd4 Ra3+ 37. Ke2 Kf5 38. Ra1 Rb3 39. Rxa7 Rxb5 40.
Rxf7+ Ke4 41. Ba7 Rb2+ 42. Kd1 Rb1+ 43. Kc2 Ra1 44. e6 Ra6 45. e7 Re6 46. Rxh7
Kf5 47. Rf7+ Ke5 48. Bb8+ Ke4 49. Rxf4+ Kd5 50. Rf7 Kc6 51. Kd3 Kd7 52. Bh2 Ke8
53. Rg7 Rf6 54. Kd4 Re6 55. Rg8+ Kxe7 56. Kd3 Kf6 57. Rf8+ Kg7 58. Rf2 Re7 59.
Kd4 Rd7+ 60. Ke5 Rb7 61. Kd6 Ra7 62. Be5+ Kh6 63. Bh2 Kg7 64. Rf3 Rb7 65. Bg1
Kh7 66. Ke6 Kh6 67. Be3+ Kg7 68. Bd4+ Kh6 69. Rf7 Rb1 70. Be3+ g5 71. Rf6+ Kg7
72. Rf7+ Kg6 73. Rf3 Re1 74. g4 Rb1 75. Rf6+ Kg7 76. Rf7+ Kg8 77. Rf3 Rb5 78.
Rf5 Rb7 79. Rxg5+ Kh8 80. Rh5+ Kg8 81. Kf6 Rf7+ 82. Kg5 Rg7+ 83. Kh4 Kf7 84. g5
Ke6 85. Rh6+ Kf5 86. Kh5 Ke5 87. Rf6 Rh7+ 88. Kg4 Rg7 89. Bf4+ Kd5 90. h4 Rg8
91. h5 Rh8 92. g6 Rg8 93. h6 Rh8 94. g7 Rg8 95. Rf8 Rxg7+ 96. hxg7 Ke6 97. Re8+
Kd5 98. g8=Q+ Kd4 99. Qg7+ Kc5 100. Qe7+ Kc6 101. Qd6+ Kb7 102. Qc7+ Ka6 103.
Ra8+ Kb5 104. Rb8+ Ka6 105. Qb6# 1-0

[Event "Politiken Cup 2007"]
[Site "Helsingor"]
[Date "2007.07.26"]
[Round "8.136"]
[White "Edwardsson, Hannu Kalervo"]
[Black "Olafsson, Olafur Junior"]
[Result "1/2-1/2"]
[WhiteElo "1300"]
[BlackElo "1300"]
[PlyCount "47"]
[EventDate "2007.??.??"]

1. e4 c6 2. c4 d5 3. cxd5 cxd5 4. exd5 Nf6 5. Nf3 Nxd5 6. Bb5+ Bd7 7. Bxd7+
Qxd7 8. O-O Nc6 9. Nc3 e6 10. Qb3 Nb6 11. d4 Nxd4 12. Nxd4 Qxd4 13. Be3 Qc4 14.
Qb5+ Qxb5 15. Nxb5 Nd5 16. Bxa7 Be7 17. Bd4 O-O 18. a3 Rfc8 19. Rac1 Nf4 20.
Rxc8+ Rxc8 21. Nc3 f6 22. g3 Nd3 23. Nb5 Rc2 24. b4 1/2-1/2

[Event "Politiken Cup 2007"]
[Site "Helsingor"]
[Date "2007.07.28"]
[Round "9.1"]
[White "Berg, Emanuel"]
[Black "Sargissian, Gabriel"]
[Result "1/2-1/2"]
[WhiteElo "2580"]
[BlackElo "2667"]
[PlyCount "129"]
[EventDate "2007.??.??"]

1. e4 e5 2. Nf3 Nc6 3. Bb5 a6 4. Ba4 Nf6 5. O-O Be7 6. Re1 b5 7. Bb3 O-O 8. h3
Bb7 9. d3 d6 10. c3 Na5 11. Bc2 c5 12. Nbd2 Re8 13. Nf1 h6 14. Ng3 Bf8 15. d4
cxd4 16. cxd4 exd4 17. Nxd4 d5 18. e5 Ne4 19. Ngf5 g6 20. Nxh6+ Bxh6 21. Bxh6
Qh4 22. Be3 Nc4 23. Nf3 Nxe3 24. Nxh4 Nxd1 25. Raxd1 Rxe5 26. Nxg6 fxg6 27. f3
Rae8 28. fxe4 R8e7 29. Kf2 dxe4 30. Ke3 Kg7 31. Bb3 a5 32. a3 Rg5 33. g4 Rc5
34. Rc1 Rxc1 35. Rxc1 Rd7 36. Kf4 Re7 37. Ke3 Rd7 38. Rd1 Rxd1 39. Bxd1 Kf6 40.
h4 g5 41. h5 Ke5 42. Be2 b4 43. axb4 axb4 44. Bd1 Bc8 45. h6 Kf6 46. b3 Bb7 47.
Bc2 Bc8 48. Bd1 Bb7 49. Kd4 Kg6 50. Bc2 Kxh6 51. Bxe4 Bc8 52. Bf3 Kg7 53. Ke5
Kf7 54. Bd1 Ke7 55. Kd5 Kf6 56. Kd6 Be6 57. Kc5 Ke5 58. Kxb4 Kf4 59. Kc3 Bxg4
60. Bxg4 Kxg4 61. b4 Kh3 62. b5 g4 63. b6 g3 64. b7 g2 65. b8=Q 1/2-1/2